| 000 | 00480nam a2200157Ia 4500 | ||
|---|---|---|---|
| 003 | IN-BaIIA | ||
| 005 | 20250703162504.0 | ||
| 008 | 211028s9999 xx 000 0 eng d | ||
| 040 | _cIIA Library | ||
| 080 |
_a083.550.38 _bIAGA-12I |
||
| 100 |
_aBartels, J _93110 |
||
| 245 | 0 |
_aGeomagnetic indices k and c, 1954 _cJ. Bartels and J Veldkemp |
|
| 260 |
_aWashington _c1955 |
||
| 650 |
_aGeomagnetic indices _93111 |
||
| 942 |
_cBK _2ddc |
||
| 999 |
_c1544 _d1544 |
||